Образование и наука в современных реалиях (Запись № 11526524)
[ простой вид ]
| 000 -МАРКЕР | |
|---|---|
| контрольное поле | 02998nam0a2200385 4500 |
| 001 - ИДЕНТИФИКАТОР ЗАПИСИ | |
| контрольное поле | RU\NLR\BIBL_A\011730844 |
| 005 - ИДЕНТИФИКАТОР ВЕРСИИ | |
| контрольное поле | 20181108113455.0 |
| 010 ## - МЕЖДУНАРОДНЫЙ СТАНДАРТНЫЙ НОМЕР КНИГИ (ISBN) | |
| Номер (ISBN) | 978-5-6040732-7-8 |
| Тираж | 500 |
| 021 ## - НОМЕР ГОСУДАРСТВЕННОЙ РЕГИСТРАЦИИ | |
| Код страны | Российская Федерация |
| Номер | КН-П-18-033017 |
| Номер Листа государственной регистраци | КН-П-18-2402 |
| 035 ## - ДРУГИЕ СИСТЕМНЫЕ НОМЕРА | |
| Идентификатор записи | (NLR Aleph) 011730844 |
| 035 ## - ДРУГИЕ СИСТЕМНЫЕ НОМЕРА | |
| Идентификатор записи | (RuMoRGB)009623219 |
| 100 ## - ДАННЫЕ ОБЩЕЙ ОБРАБОТКИ | |
| Данные общей обработки | 20180614d2018 k y0rusy50 ca |
| 101 0# - ЯЗЫК РЕСУРСА | |
| Язык текста, звукозаписи и т.д. | русский |
| -- | казахский |
| -- | английский |
| 102 ## - СТРАНА ПУБЛИКАЦИИ ИЛИ ПРОИЗВОДСТВА | |
| Страна публикации | Российская Федерация |
| 105 ## - ПОЛЕ КОДИРОВАННЫХ ДАННЫХ: ТЕКСТОВЫЕ МАТЕРИАЛЫ, МОНОГРАФИЧЕСКИЕ | |
| Кодированные данные о монографическом текстовом документе | ac||z|||100zy |
| 200 1# - ЗАГЛАВИЕ И СВЕДЕНИЯ ОБ ОТВЕТСТВЕННОСТИ | |
| Основное заглавие | Образование и наука в современных реалиях |
| Сведения, относящиеся к заглавию | сборник материалов IV Международной научно-практической конференции [(Чебоксары, 26 февраля 2018 года)] |
| Первые сведения об ответственности | Федеральное государственное бюджетное образовательное учреждение высшего образования "Чувашский государственный университет им. И.Н. Ульянова", Актюбинский региональный государственный университет им. К. Жубанова, Кыргызский экономический университет им. М. Рыскулбекова, Центр научного сотрудничества "Интерактив плюс" |
| Последующие сведения об ответственности | [редакционная коллегия: Широков О.Н., д.ист.н., проф. и др.] |
| 210 ## - ПУБЛИКАЦИЯ, РАСПРОСТРАНЕНИЕ И ДР. | |
| Место издания, распространения и т.д. | Чебоксары |
| Имя издателя, распространителя и т. д. | ЦНС "Интерактив плюс" |
| Дата издания, распространения и т.д. | 2018 |
| 215 ## - ФИЗИЧЕСКАЯ ХАРАКТЕРИСТИКА | |
| Специфическое обозначение материала и объем | 299 с. |
| Другие сведения о физической характеристике | ил., портр., табл. |
| Размеры | 26 |
| 300 ## - ОБЩИЕ ПРИМЕЧАНИЯ | |
| Текст примечания | Часть текста на англ. и казах. яз. |
| 320 ## - ПРИМЕЧАНИЯ О НАЛИЧИИ В ДОКУМЕНТЕ БИБЛИОГРАФИИ / УКАЗАТЕЛЯ | |
| Текст примечания | Библиогр. в конце ст. |
| 606 1# - НАИМЕНОВАНИЕ ТЕМЫ КАК ПРЕДМЕТ | |
| Наименование темы | Научные конференции |
| Формальный подзаголовок | Сборники |
| Географический подзаголовок | Чебоксары, город (Чувашия) |
| Системный номер авторитетной/нормативной записи | 2283203 |
| Идентификатор авторитетной/нормативной записи | RU\NLR\AUTH\6601595881 |
| 686 ## - ИНДЕКСЫ ДРУГИХ КЛАССИФИКАЦИЙ | |
| Индекс | Я431(2) |
| Код системы | |
| 686 1# - ИНДЕКСЫ ДРУГИХ КЛАССИФИКАЦИЙ | |
| Индекс | Я431(2Р-6Чу-4Че) |
| 702 #1 - ИМЯ ЛИЦА - ВТОРИЧНАЯ ОТВЕТСТВЕННОСТЬ | |
| Начальный элемент ввода | Широков |
| Часть имени, кроме начального элемента ввода | О. Н. |
| Даты | 1970- |
| Расширение инициалов личного имени | Олег Николаевич |
| Код отношения | Редактор |
| 711 12 - НАИМЕНОВАНИЕ ОРГАНИЗАЦИИ - АЛЬТЕРНАТИВНАЯ ОТВЕТСТВЕННОСТЬ | |
| Начальный элемент ввода | "Образование и наука в современных реалиях", международная научно-практическая конференция |
| Порядковый номер временной организации и / или порядковый номер ее части | 4 |
| Место проведения временной организации | Чебоксары |
| Дата проведения временной организации | 2018 |
| Системный номер авторитетной/нормативной записи | 569248 |
| Идентификатор авторитетной/нормативной записи | RU\NLR\AUTH\880452726 |
| 712 02 - НАИМЕНОВАНИЕ ОРГАНИЗАЦИИ - ВТОРИЧНАЯ ОТВЕТСТВЕННОСТЬ | |
| Код отношения | Прочие |
| Начальный элемент ввода | Чувашский государственный университет им. И. Н. Ульянова |
| Идентифицирующий признак | Чебоксары |
| Системный номер авторитетной/нормативной записи | 301657 |
| Идентификатор авторитетной/нормативной записи | RU\NLR\AUTH\8814249 |
| 712 02 - НАИМЕНОВАНИЕ ОРГАНИЗАЦИИ - ВТОРИЧНАЯ ОТВЕТСТВЕННОСТЬ | |
| Код отношения | Прочие |
| Начальный элемент ввода | Кыргызский экономический университет им. М. Рыскулбекова |
| Идентифицирующий признак | Бишкек |
| Системный номер авторитетной/нормативной записи | 538669 |
| Идентификатор авторитетной/нормативной записи | RU\NLR\AUTH\880437226 |
| 712 02 - НАИМЕНОВАНИЕ ОРГАНИЗАЦИИ - ВТОРИЧНАЯ ОТВЕТСТВЕННОСТЬ | |
| Код отношения | Прочие |
| Начальный элемент ввода | Актюбинский региональный государственный университет им. К. Жубанова |
| Системный номер авторитетной/нормативной записи | 632502 |
| Идентификатор авторитетной/нормативной записи | RU\NLR\AUTH\880486045 |
| 942 ## - ДОПОЛНИТЕЛЬНЫЕ ЭЛЕМЕНТЫ ЗАПИСИ (АБИС) | |
| Тип экземпляра АБИС | Книга |
| 980 ## - КОЛЛЕКЦИЯ | |
| Название коллекции | НБР |
| 980 ## - КОЛЛЕКЦИЯ | |
| Название коллекции | Национальная библиография |
Нет доступных экземпляров.